Statistics for Geography of Indonesia

Click here to take the quiz!

General Stats

  • This quiz has been taken 130 times
  • The average score is 12 of 20

Answer Stats

QuestionAnswer% Correct
What is the name of the most populous island in the world?Java
96%
Which three major islands does Indonesia share with other sovereign states?Borneo
90%
The 1883 eruption of which island-volcano made weather patterns chaotic for years and
temperatures did not return to normal until 1888?
Krakatoa
87%
What is the name of the largest ape in Asia found primarily in Indonesia?Orangutan
85%
What is the main city of the famous island resort of Bali?Denpasar
83%
Indonesia is the only country in Asia where which line of latitude runs through?Equator
78%
After what Indonesian island is the largest lizard on earth named?Komodo
77%
Which three major islands does Indonesia share with other sovereign states?New Guinea
72%
In what sea is the island of Natuna Besar located?{South} {China} Sea
63%
What strait separates the island of Sumatra from the Malay peninsula?Strait of {Malacca}
63%
Which three major islands does Indonesia share with other sovereign states?Timor
61%
What was the name of Jakarta during the Dutch colonization times?Batavia
61%
What is the highest mountain in Indonesia?Puncak {Jaya}
53%
What is the most populous city outside of that island?Medan
50%
What is the largest volcanic lake in the world?Lake {Toba}
40%
Which province that is the largest in terms of area has been site of an ongoing unrest
since the withdrawal of the Dutch administration in the region?
Papua
39%
What major sea is located between Indonesia and the Philippines?{Celebes} Sea
29%
The 1815 eruption of what volcano was the largest in recorded human history?Tambora
28%
What language has about 40 million native speakers around Indonesia?Sundanese
28%
What is the name of the longest river in Indonesia located on the island #1?{Kapuas} River
25%

Score Distribution

Percentile by Number Answered

Percent of People with Each Score

Your Score History

You have not taken this quiz